France or Türkiye? Quiz - Statistics

General Stats
  • This quiz has been taken 168 times
  • The average score is 11 of 15
Answer Stats
Question Answer % Correct
The country where cities such as Hatay, Trabzon, Konya are located is... Türkiye
98%
The country where the Garonne river is located is ... France
93%
The country with the larger surface area is ... Türkiye
87%
The country with the larger population is ... Türkiye
86%
The country that produces more hazelnuts and cherries is... Türkiye
86%
The country with the longer coastline is ... Türkiye
83%
The country where the silk road ends is... Türkiye
77%
The country that has won more Nobel Prizes in Literature is ... France
72%
The country that gave women the right to vote earlier is... Türkiye
71%
The country that receives more tourists is ... France
70%
The country with a higher mountain is ... Türkiye
67%
The country with the larger island is ... France
60%
The country with a bigger stadium is ... France
51%
The country with more forest area is ... France
51%
The country with more UNESCO heritage sites is... France
39%
No matching quizzes found
Score Distribution
Percent of People with Each Score
Percentile by Number Answered
Your Score History
You have not taken this quiz